[Event "Steyr Landesliga 1314"]
[Site "Austria"]
[Date "2013.09.28"]
[Round "1.8"]
[White "Raeke, Philipp"]
[Black "Prugner, Adolf"]
[Result "0-1"]
[WhiteElo "1139"]
[BlackElo "1574"]
[PlyCount "136"]
[EventDate "2013.09.28"]
[EventType "team-tourn"]
[EventRounds "11"]
[EventCountry "AUT"]
[SourceTitle "EXT 2015"]
[Source "ChessBase"]
[SourceDate "2014.11.20"]
[SourceVersion "1"]
[SourceVersionDate "2014.11.20"]
[SourceQuality "1"]
[WhiteTeam "Kapfenberg/Norske/Bruck"]
[BlackTeam "Hartberg"]
[WhiteTeamCountry "AUT"]
[BlackTeamCountry "AUT"]

1. c4 c5 2. Nc3 Nc6 3. Nf3 g6 4. g3 Bg7 5. Bg2 Nf6 6. 0-0 0-0 7. d4 cxd4 8. Nxd4 Nxd4 9. Qxd4 d6 10. Rd1 Nd7 11. Qd3 Nc5 12. Qc2 a5 13. Be3 Nd7 14. c5 dxc5 15. Bxc5 Re8 16. Rd2 Qc7 17. Be3 Bxc3 18. Qxc3 Qxc3 19. bxc3 Rb8 20. Rb1 Nf6 21. Rb5 b6 22. Rxb6 Bf5 23. Rdb2 Rbd8 24. f4 Rd1+ 25. Bf1 Bh3 26. Rb1 Red8 27. Bd4 Rxb1 28. Rxb1 Bxf1 29. Kxf1 Ne4 30. Ke1 Rc8 31. Rb7 Nxc3 32. Bxc3 Rxc3 33. Kd2 Ra3 34. Rxe7 Rxa2+ 35. Kc3 Kf8 36. Ra7 Rxe2 37. Rxa5 Rxh2 38. Kd4 Rh3 39. Ra3 h5 40. Re3 Kg7 41. Ke4 Rh1 42. Kf3 Kf6 43. Kg2 Rd1 44. Kh3 Rd5 45. g4 hxg4+ 46. Kxg4 Kg7 47. Re7 Rd4 48. Kg5 Rd5+ 49. Kg4 Kf6 50. Re4 Rd1 51. Kg3 Rd5 52. Kg4 Kg7 53. Re7 Kf6 54. Re4 Rd7 55. Re5 Rd4 56. Kf3 Rd6 57. Kg4 Rd3 58. Rc5 Rd1 59. Kf3 Rf1+ 60. Kg4 Kg7 61. Rd5 f5+ 62. Kg5 Rg1+ 63. Kh4 Rg4+ 64. Kh3 Rxf4 65. Kg3 Rg4+ 66. Kf3 Kf6 67. Rc5 Kg5 68. Rd5 Kh4 0-1